000 00494nam a2200169Ia 4500
999 _c12095
_d12095
003 OSt
005 20201016094437.0
008 190216s9999||||xx |||||||||||||| ||und||
040 _coclc
082 _a823
_bNAR/A
100 _aNarayan, R K
_94797
245 3 _aAn Astrologer`s Day And Other Stories /
_cR K Narayan
260 _bIndian Thought Publications,
_c1964.
_aMysore:
300 _a229p
650 _aEnglish Stories
942 _cBK
_2ddc
_h823
_iNAR/A
_k823
_mNAR/A